| 000 | 00374 a2200133 4500 | ||
|---|---|---|---|
| 003 | Nust | ||
| 005 | 20170207154038.0 | ||
| 040 | _cNust | ||
| 100 | _aJun-fei Qiao and Hong-gui Han | ||
| 245 |
_aAn Adaptive Fuzzy Neural Network Based on Self-Organizing Map (SOM) (E-Book) _cJun-fei Qiao and Hong-gui Han |
||
| 260 |
_aIndia _bIntech _c© 2010 |
||
| 300 | _a430p; | ||
| 651 | _a(E-Book) | ||
| 942 |
_2ddc _cBK |
||
| 999 |
_c192460 _d192460 |
||